| 000 | 00409nam a22001217a 4500 | ||
|---|---|---|---|
| 999 |
_c458 _d458 |
||
| 005 | 20200813111956.0 | ||
| 008 | 200813b ||||| |||| 00| 0 eng d | ||
| 020 | _a024225 | ||
| 040 | _cCML | ||
| 245 |
_aRace and Slavery in the Western Hemisphere: Quantitative studies. _cEngerman, S.L & Genovese, E.D. |
||
| 260 |
_aStanford _bPrinceton University Press _c1975 |
||
| 942 |
_2ddc _cBK _h301.44 _mRAC |
||